Normal view
MARC view
- Hall, C. A.
Entry Personal Name
001 - CONTROL NUMBER
- control field: 19108
003 - CONTROL NUMBER IDENTIFIER
- control field: NUST
005 - DATE AND TIME OF LATEST TRANSACTION
- control field: 20190806054131.0
008 - FIXED-LENGTH DATA ELEMENTS
- fixed length control field: 190806|| aca||aabn | a|a d
040 ## - CATALOGING SOURCE
- Original cataloging agency: NUST
- Transcribing agency: NUST
100 ## - HEADING--PERSONAL NAME
- Personal name: Hall, C. A.
- Fuller form of name: (Cesare A.)
670 ## - SOURCE DATA FOUND
- Source citation: Work cat.: (NUST)0: Dixon, S. L. (Sydney Lawrence) 19106, FLUID MECHANICS AND THERMODYNAMICS OF TURBOMACHINERY /, 2018.
